LDR 00759naa#a2200181#i#450# 001 EN\FGKOU VO SPBU MVD ROSSII\bibl\106809 005 20260704193428.6 011 ## _a2227-7226 100 ## _a20260630b2026####ek#y0engy0150####ca 102 ## _aRU 200 1# _aTeaching foreign students who have difficulty mastering reading skills _eJournal article 210 1# _aSt. Petersburg _cSAINT-PETERSBURG UNIVERSITY OF THE MINISTRY OF INTERNAL AFFAIRS OF THE RUSSIAN FEDERATION _d2026 215 ## _a5 с. 608 ## _aJournal article _2local 675 ## _aМетоды обучения. Формы преподавания. 378.147 _aрусскому. 372.881.161.1 _z 700 #1 _aBelokoneva _gKseniya Alekseevna 700 #1 _aBelous _gElena Sergeevna 856 4# _arussianjournaldeviantbehavior.ru _u